Wunsch und Wirklichkeit Report über Jugendliche am Arbeitsmarkt

Enregistré dans:
Détails bibliographiques
Auteur principal: Knapp, Ilan
Autres auteurs: Hofstätter, Maria, Palank, Franz
Format: Livre
Langue:allemand
Publié: Wien Orac 1987
Édition:1. Aufl.
Sujets:
Tags: Ajouter un tag
Pas de tags, Soyez le premier à ajouter un tag!

MARC

LEADER 00000nam a2200000 4500
001 c019083
005 20221221075300.6
020 |a 3-7015-0102-5 
041 0 |a ger 
044 |a AT 
245 1 0 |a Wunsch und Wirklichkeit  |b Report über Jugendliche am Arbeitsmarkt  |c Ilan Knapp, Maria Hofstätter, Franz Palank 
250 |a 1. Aufl. 
264 1 |a Wien  |b Orac  |c 1987 
300 |a 192 s. 
610 2 0 |a trh práce 
610 2 0 |a mládež 
610 2 0 |a vzdelanie 
610 2 0 |a povolania 
610 2 0 |a miesta pracovné 
610 2 0 |a konkurencia 
610 2 0 |a rozhodovanie 
610 2 0 |a čas pracovný 
610 2 0 |a čas voľný 
610 2 0 |a demokracia 
610 2 0 |a prostredie životné 
100 1 |a Knapp, Ilan 
700 1 |a Hofstätter, Maria 
700 1 |a Palank, Franz